Statistics for The Dictator Files: Xi Jinping

Click here to take the quiz!

General Stats

  • This quiz has been taken 624 times
  • The average score is 12 of 20

Answer Stats

QuestionAnswer% Correct
What is his political party?Communist Party
97%
In what city was the first case of COVID-19 confirmed in 2019?Wuhan
85%
What family "policy" was finally abolished in 2016?{One}-{Child} policy
80%
What now-banned fictional character in China was he compared to?Winnie-the-Pooh
79%
In what city was he born in 1953?Beijing
76%
In what city did up to 1 million people protest against the
Chinese government on the streets?
Hong Kong
75%
It has been estimated that over 1 million people of what Muslim ethnic group
now live in re-education camps?
Uyghur
74%
What title is held by him – the highest political leader in China?{Paramount} Leader
71%
What sea has China been claiming by building artificial islands in it?South China Sea
71%
Who was the first world leader Xi visited when he became President?Vladimir Putin
67%
What Chinese philosopher does he embrace the teachings of very strongly?Confucius
66%
What did he study at Beijing's Tsinghua University?Chemical {Engineering}
60%
What type of war has China been having with the United States since 2018?Trade War
60%
Who did he succeed as the President of China?Hu Jintao
49%
What global infrastructure development strategy did he launch in 2013 – investing in
more than 70 countries' infrastructure?
{Belt} and Road Initiative
45%
What term was promoted by Xi – there is also an "American" one?Chinese {Dream}
30%
What did he controversially eliminate in 2018?Term limits
20%
Name either of the Chinese provinces he was the Governor of between 1999–2007.Fujian / Zhejiang
18%
Both in 1985 and 2012, Xi received the key to the small American city of Muscatine.
In what state is it located?
Iowa
18%
What is the name of his wife?Peng Liyuan
17%

Score Distribution

Percentile by Number Answered

Percent of People with Each Score

Your Score History

You have not taken this quiz